Le paysage : Entre natures et cultures (notice n° 1925177)
[ vue normale ]
| 000 -LEADER | |
|---|---|
| fixed length control field | 01216cam a2200157 4500500 |
| 005 - DATE AND TIME OF LATEST TRANSACTION | |
| control field | 20260329023150.0 |
| 041 ## - LANGUAGE CODE | |
| Language code of text/sound track or separate title | fre |
| 042 ## - AUTHENTICATION CODE | |
| Authentication code | dc |
| 100 10 - MAIN ENTRY--PERSONAL NAME | |
| Personal name | Périgord, Michel |
| Relator term | author |
| 245 00 - TITLE STATEMENT | |
| Title | Le paysage : Entre natures et cultures |
| 260 ## - PUBLICATION, DISTRIBUTION, ETC. | |
| Name of publisher, distributor, etc. | Armand Colin,<br/> |
| Date of publication, distribution, etc. | 2012.<br/> |
| 520 ## - SUMMARY, ETC. | |
| Summary, etc. | Le paysage naît de la rencontre des hommes et de la nature par l’intermédiaire de la culture. Il inspire les interventions qui produisent le cadre de vie ordinaire ou les sites remarquables. Il importe donc de savoir comment cette notion hybride s’est constituée dans l’histoire. Et comment l’usage social et politique en a transformé le sens. Les pays du Nord ont développé l’action paysagère dans une volonté de naturaliser le cadre de vie et de créer des paysages attractifs. Dans les pays du Sud, cette démarche n’est que balbutiante. Cette synthèse, qui relie le paysage aux actions qu’il fait naître, répond aux attentes des étudiants, des enseignants et des professionnels, tant aménageurs que géographes. |
| 700 10 - ADDED ENTRY--PERSONAL NAME | |
| Personal name | Donadieu, Pierre |
| Relator term | author |
| 700 10 - ADDED ENTRY--PERSONAL NAME | |
| Personal name | Barraud, Régis |
| Relator term | author |
| 856 41 - ELECTRONIC LOCATION AND ACCESS | |
| Uniform Resource Identifier | <a href="https://shs.cairn.info/le-paysage--9782200281366?lang=fr&redirect-ssocas=7080">https://shs.cairn.info/le-paysage--9782200281366?lang=fr&redirect-ssocas=7080</a> |
Pas d'exemplaire disponible.




Réseaux sociaux